Open Data Biblioteca Nacional de Portugal


República Portuguesa: Ministério da Cultura
Biblioteca Nacional de Portugal

Catálogo da BNP: acesso por Identificadores Unívocos
Registos Bibliográficos associados ao registo de autoridade

Etiqueta de registo: 00801cas 022002531 04500
001 58961
003 http://id.bnportugal.gov.pt/bib/catbnp/58961
005 19981116181800.0
095 ## $aPTBN00060930
100 ## $a19770401a1975 m a0pora0103 ba
101 0# $apor
102 ## $aPT
200 1# $aPrevenção no trabalho$eboletim mensal da Direcção de Serviços de Prevenção de Riscos Profissionais
207 #0 $aNº 1 (Nov. 1975)-
210 #9 $aLisboa$cD.S.P.R.P.,,$d1975-
215 ## $d30 cm
326 ## $aMensal
675 ## $a331(05)$vmed$zpor$3288169
712 01 $aPortugal.$bMinistério do Trabalho.$bDirecção de Serviços de Prevenção de Riscos Profissionais$4650$31093179
801 #0 $aPT$bBN$gRPC
966 ## $lBN$mFGREV$sP.P. 3985 A.
998 ## $aCR033 - 00146

Etiqueta de registo: 00000nkm 2200025 450
001 2271828
003 http://id.bnportugal.gov.pt/bib/catbnp/2271828
100 ## $a20260225f19741983m y0pory01030103ba
101 0# $apor
102 ## $aPT
200 1# $aNão!...desloque a escada, Direcção de Serviços de Prevenção de Riscos Profissionais$bVisual gráfico]$fDirecção de Serviços de Prevenção de Riscos Profissionais
210 #9 $a[Lisboa]$cDirecção de Serviços de Prevenção de Riscos Profissionais,$d[entre 1974 e 1983]
215 ## $a1 cartaz$ccolor.$d42,2x28,9 cm
306 ## $aDatação atribuída em conformidade com as designações institucionais
317 ## $aColeção Madeira Luís
330 ## $aCartaz é uma "Reprodução autorizada pelo Institut National de Recherche et de Sécurité - France"
710 01 $aPortugal.$bMinistério do Trabalho.$bDirecção de Serviços de Prevenção de Riscos Profissionais$31093179
801 #0 $aPT$bBN$gRPC
966 ## $lBN$mICONOG$sCT. 14912 V.$x3
971 ## $cCaticonografia1$d20260225
995 ## $aPRR2026 $d20260225$iCaticonografia1

Etiqueta de registo: 00000nkm 2200025 450
001 2271826
003 http://id.bnportugal.gov.pt/bib/catbnp/2271826
100 ## $a20260225d1977 m y0pory01030103ba
101 0# $apor
102 ## $aPT
200 1# $aProteja as aberturas$bVisual gráfico]$fDirecção de Serviços de Prevenção de Riscos Profissionais do Ministério do Trabalho
210 #9 $a[Lisboa]$cDirecção de Serviços de Prevenção de Riscos Profissionais do Ministério do Trabalho,$d1977$e[S.l.] :$gUnião Gráfica )
215 ## $a1 cartaz$ccolor.$d42x29,5 cm
317 ## $aColeção Madeira Luís
710 01 $aPortugal.$bMinistério do Trabalho.$bDirecção de Serviços de Prevenção de Riscos Profissionais$31093179
801 #0 $aPT$bBN$gRPC
966 ## $lBN$mICONOG$sCT. 14875 V.$x3
971 ## $cCaticonografia6$d20260225
995 ## $aPRR2026 $d20260225$iCaticonografia6

Etiqueta de registo: 00000nkm 2200025 450
001 2271822
003 http://id.bnportugal.gov.pt/bib/catbnp/2271822
100 ## $a20260225d1977 m y0pory01030103ba
101 0# $apor
102 ## $aPT
200 1# $aAtenção! evite o acidente$bVisual gráfico]$fDirecção de Serviços de Prevenção de Riscos Profissionais do Ministério do Trabalho
210 #9 $a[Lisboa]$cDirecção de Serviços de Prevenção de Riscos Profissionais do Ministério do Trabalho,$d1977$e[S.l.] :$gUnião Gráfica )
215 ## $a1 cartaz$ccolor.$d42x29,5 cm
317 ## $aColeção Madeira Luís
710 01 $aPortugal.$bMinistério do Trabalho.$bDirecção de Serviços de Prevenção de Riscos Profissionais$31093179
801 #0 $aPT$bBN$gRPC
966 ## $lBN$mICONOG$sCT. 14874 V.$x3
971 ## $cCaticonografia6$d20260225
995 ## $aPRR2026 $d20260225$iCaticonografia6

Etiqueta de registo: 00000nkm 2200025 450
001 2271815
003 http://id.bnportugal.gov.pt/bib/catbnp/2271815
100 ## $a20260225d1976 m y0pory01030103ba
101 0# $apor
102 ## $aPT
200 1# $aPoeiras, fumos, perigo, lesões graves, protege-te$bVisual gráfico]$fDirecção de Serviços de Prevenção de Riscos Profissionais do Ministério do Trabalho
210 #9 $a[Lisboa]$cDirecção de Serviços de Prevenção de Riscos Profissionais do Ministério do Trabalho,$d1976$e[S.l.] :$gImp. União Gráfica, S.A.R.L )
215 ## $a1 cartaz$ccolor.$d42x29,5 cm
317 ## $aColeção Madeira Luís
710 01 $aPortugal.$bMinistério do Trabalho.$bDirecção de Serviços de Prevenção de Riscos Profissionais$31093179
801 #0 $aPT$bBN$gRPC
966 ## $lBN$mICONOG$sCT. 14873 V.$x3
971 ## $cCaticonografia6$d20260225
995 ## $aPRR2026 $d20260225$iCaticonografia6

Etiqueta de registo: 00000nkm 2200025 450
001 2271814
003 http://id.bnportugal.gov.pt/bib/catbnp/2271814
100 ## $a20260225d1977 m y0pory01030103ba
101 0# $apor
102 ## $aPT
200 1# $aCuidado! A electricidade é perigosa, Direcção de Serviços de Prevenção de Riscos Profissionais$bVisual gráfico]$fDirecção de Serviços de Prevenção de Riscos Profissionais
210 #9 $a[Lisboa]$cDirecção de Serviços de Prevenção de Riscos Profissionais,$d1977$e[Lisboa] :$gUnião Gráfica, SARL)
215 ## $a1 cartaz$ccolor.$d42x29 cm
317 ## $aColeção Madeira Luís
710 01 $aPortugal.$bMinistério do Trabalho.$bDirecção de Serviços de Prevenção de Riscos Profissionais$31093179
801 #0 $aPT$bBN$gRPC
966 ## $lBN$mICONOG$sCT. 14910 V.$x3
971 ## $cCaticonografia1$d20260225
995 ## $aPRR2026 $d20260225$iCaticonografia1

Etiqueta de registo: 00000nkm 2200025 450
001 2271808
003 http://id.bnportugal.gov.pt/bib/catbnp/2271808
100 ## $a20260225f19741983m y0pory01030103ba
101 0# $apor
102 ## $aPT
200 1# $aLâminas desprotegidas cortam dedos, Direcção de Serviços de Prevenção de Riscos Profissionais$bVisual gráfico]$fDirecção de Serviços de Prevenção de Riscos Profissionais
210 #9 $a[Lisboa]$cDirecção de Serviços de Prevenção de Riscos Profissionais,$d[entre 1974 e 1983]
215 ## $a1 cartaz$ccolor.$d41,2x29,8 cm
306 ## $aDatação atribuída em conformidade com as designações institucionais
317 ## $aColeção Madeira Luís
710 01 $aPortugal.$bMinistério do Trabalho.$bDirecção de Serviços de Prevenção de Riscos Profissionais$31093179
801 #0 $aPT$bBN$gRPC
966 ## $lBN$mICONOG$sCT. 14909 V.$x3
971 ## $cCaticonografia1$d20260225
995 ## $aPRR2026 $d20260225$iCaticonografia1

Etiqueta de registo: 00000nkm 2200025 450
001 2271804
003 http://id.bnportugal.gov.pt/bib/catbnp/2271804
100 ## $a20260225f19741983m y0pory01030103ba
101 0# $apor
102 ## $aPT
200 1# $aDefenda-se das poeiras, Direcção de Serviços de Prevenção de Riscos Profissionais$bVisual gráfico]$fDirecção de Serviços de Prevenção de Riscos Profissionais
210 #9 $a[Lisboa]$cDirecção de Serviços de Prevenção de Riscos Profissionais,$d[entre 1974 e 1983]
215 ## $a1 cartaz$ccolor.$d41,7x29,5 cm
306 ## $aDatação atribuída em conformidade com as designações institucionais
317 ## $aColeção Madeira Luís
710 01 $aPortugal.$bMinistério do Trabalho.$bDirecção de Serviços de Prevenção de Riscos Profissionais$31093179
801 #0 $aPT$bBN$gRPC
966 ## $lBN$mICONOG$sCT. 14908 V.$x3
971 ## $cCaticonografia1$d20260225
995 ## $aPRR2026 $d20260225$iCaticonografia1

Etiqueta de registo: 00000nkm 2200025 450
001 2271801
003 http://id.bnportugal.gov.pt/bib/catbnp/2271801
100 ## $a20260225f19741983m y0pory01030103ba
101 0# $apor
102 ## $aPT
200 1# $aRuído em excesso provoca surdez, protege os ouvidos, Direcção de Serviços de Prevenção de Riscos Profissionais$bVisual gráfico]$fDirecção de Serviços de Prevenção de Riscos Profissionais
210 #9 $a[Lisboa]$cDirecção de Serviços de Prevenção de Riscos Profissionais,$d[entre 1974 e 1983]
215 ## $a1 cartaz$ccolor.$d40,2x29,4 cm
306 ## $aDatação atribuída em conformidade com as designações institucionais
317 ## $aColeção Madeira Luís
710 01 $aPortugal.$bMinistério do Trabalho.$bDirecção de Serviços de Prevenção de Riscos Profissionais$31093179
801 #0 $aPT$bBN$gRPC
966 ## $lBN$mICONOG$sCT. 14907 V.$x3
971 ## $cCaticonografia1$d20260225
995 ## $aPRR2026 $d20260225$iCaticonografia1

Etiqueta de registo: 00000nkm 2200025 450
001 2271797
003 http://id.bnportugal.gov.pt/bib/catbnp/2271797
100 ## $a20260225f19741983m y0pory01030103ba
101 0# $apor
102 ## $aPT
200 1# $aO mínimo ferimento deve ser tratado imediatamente, Direcção de Serviços de Prevenção de Riscos Profissionais$bVisual gráfico]$fDirecção de Serviços de Prevenção de Riscos Profissionais
210 #9 $a[Lisboa]$cDirecção de Serviços de Prevenção de Riscos Profissionais,$d[entre 1974 e 1983]
215 ## $a1 cartaz$ccolor.$d41,9x30 cm
306 ## $aDatação atribuída em conformidade com as designações institucionais
317 ## $aColeção Madeira Luís
710 01 $aPortugal.$bMinistério do Trabalho.$bDirecção de Serviços de Prevenção de Riscos Profissionais$31093179
711 01 $aPortugal.$bMinistério do Trabalho$31431425
801 #0 $aPT$bBN$gRPC
966 ## $lBN$mICONOG$sCT. 14906 V.$x3
971 ## $cCaticonografia1$d20260225
995 ## $aPRR2026 $d20260225$iCaticonografia1

Etiqueta de registo: 00000nkm 2200025 450
001 2271739
003 http://id.bnportugal.gov.pt/bib/catbnp/2271739
100 ## $a20260225d1977 m y0pory01030103ba
101 0# $apor
102 ## $aPT
200 1# $a A cabina de segurança protege o tratorista$bVisual gráfico]$fDirecção de Serviços de Prevenção de Riscos Profissionais do Ministério do Trabalho
210 #9 $a[Lisboa]$cDirecção de Serviços de Prevenção de Riscos Profissionais do Ministério do Trabalho,$d1977$e[S.l.] :$gImp. União Gráfica, S.A.R.L. )
215 ## $a1 cartaz$ccolor.$d42x29,5 cm
317 ## $aColeção Madeira Luís
710 01 $aPortugal.$bMinistério do Trabalho.$bDirecção de Serviços de Prevenção de Riscos Profissionais$31093179
801 #0 $aPT$bBN$gRPC
966 ## $lBN$mICONOG$sCT. 14865 V.$x3
971 ## $cCaticonografia6$d20260225
995 ## $aPRR2026 $d20260225$iCaticonografia6

Etiqueta de registo: 00000nkm 2200025 450
001 2271723
003 http://id.bnportugal.gov.pt/bib/catbnp/2271723
100 ## $a20260225d1976 m y0pory01030103ba
101 0# $apor
102 ## $aPT
200 1# $aGases, fumos, poeiras, vapores, proteja as vias respiratórias$bVisual gráfico]$fDirecção de Serviços de Prevenção de Riscos Profissionais do Ministério do Trabalho
210 #9 $a[Lisboa]$cDirecção de Serviços de Prevenção de Riscos Profissionais do Ministério do Trabalho,$d1976$e[S.l.] :$gImp. na União Gráfica, S.A.R.L. )
215 ## $a1 cartaz$ccolor.$d42x29,5 cm
317 ## $aColeção Madeira Luís
710 01 $aPortugal.$bMinistério do Trabalho.$bDirecção de Serviços de Prevenção de Riscos Profissionais$31093179
801 #0 $aPT$bBN$gRPC
966 ## $lBN$mICONOG$sCT. 14864 V.$x3
971 ## $cCaticonografia6$d20260225
995 ## $aPRR2026 $d20260225$iCaticonografia6

Etiqueta de registo: 00000nkm 2200025 450
001 2271680
003 http://id.bnportugal.gov.pt/bib/catbnp/2271680
100 ## $a20260225f1977 m y0pory01030103ba
101 0# $apor
102 ## $aPT
200 1# $aProteja os seus pés$bVisual gráfico]$fDirecção de Serviços de Prevenção de Riscos Profissionais do Ministério do Trabalho
210 #9 $a[Lisboa]$cDirecção de Serviços de Prevenção de Riscos Profissionais do Ministério do Trabalho,$d[1977?]
215 ## $a1 cartaz$ccolor.$d42,5x29 cm
306 ## $aDatação em conformidade com as características formais do documento
317 ## $aColeção Madeira Luís
710 01 $aPortugal.$bMinistério do Trabalho.$bDirecção de Serviços de Prevenção de Riscos Profissionais$31093179
801 #0 $aPT$bBN$gRPC
966 ## $lBN$mICONOG$sCT. 14860 V.$x3
971 ## $cCaticonografia6$d20260225
995 ## $aPRR2026 $d20260225$iCaticonografia6

Etiqueta de registo: 00000nkm 2200025 450
001 2271639
003 http://id.bnportugal.gov.pt/bib/catbnp/2271639
100 ## $a20260225d1977 m y0pory01030103ba
101 0# $apor
102 ## $aPT
200 1# $a As mãos são frágeis use luvas$bVisual gráfico]$fDirecção de Serviços de Prevenção de Riscos Profissionais do Ministério do Trabalho
210 #9 $a[Lisboa]$cDirecção de Serviços de Prevenção de Riscos Profissionais do Ministério do Trabalho,$d1977$e[S.l.] :$gImp. União Gráfia, S.A.R.L. )
215 ## $a1 cartaz$ccolor.$d42x29,5 cm
317 ## $aColeção Madeira Luís
710 01 $aPortugal.$bMinistério do Trabalho.$bDirecção de Serviços de Prevenção de Riscos Profissionais$31093179
801 #0 $aPT$bBN$gRPC
966 ## $lBN$mICONOG$sCT. 14857 V.$x3
971 ## $cCaticonografia6$d20260225
995 ## $aPRR2026 $d20260225$iCaticonografia6

Etiqueta de registo: 00000nkm 2200025 450
001 2272456
003 http://id.bnportugal.gov.pt/bib/catbnp/2272456
100 ## $a20260226f1976 m y0pory01030103ba
101 0# $apor
102 ## $aPT
200 1# $aNa luta contra o acidente, apoio técnico, formação, documentação$bVisual gráfico]$fDirecção de Serviços de Prevenção de Riscos Profissionais
210 #9 $a[Lisboa]$cDirecção de Serviços de Prevenção de Riscos Profissionais,$d[1976]
215 ## $a1 cartaz$ccolor.$d42x30 cm
306 ## $aDatação atribuída em conformidade com as designações institucionais
317 ## $aColeção Madeira Luís
710 01 $aPortugal.$bMinistério do Trabalho.$bDirecção de Serviços de Prevenção de Riscos Profissionais$31093179
801 #0 $aPT$bBN$gRPC
966 ## $lBN$mICONOG$sCT. 14958 V.$x3
971 ## $cCaticonografia6$d20260226
995 ## $aPRR2026

Etiqueta de registo: 00000nkm 2200025 450
001 2272400
003 http://id.bnportugal.gov.pt/bib/catbnp/2272400
100 ## $a20260226d1977 m y0pory01030103ba
101 0# $apor
102 ## $aPT
200 1# $aSem capacete, cada cabeça, cada acidente$bVisual gráfico]$fDirecção de Serviços de Prevenção de Riscos Profissionais, Ministério do Trabalho
210 #9 $a[Lisboa]$cDirecção de Serviços de Prevenção de Riscos Profissionais,$d1977$e[Lisboa] :$gUnião Gráfica)
215 ## $a1 cartaz$ccolor.$d41,7x29,5 cm
317 ## $aColeção Madeira Luís
710 01 $aPortugal.$bMinistério do Trabalho.$bDirecção de Serviços de Prevenção de Riscos Profissionais$31093179
801 #0 $aPT$bBN$gRPC
966 ## $lBN$mICONOG$sCT. 14978 V.$x3
971 ## $cCaticonografia5$d20260226
972 ## $d20260310$e0$vfpinelo$z0
995 ## $aPRR2026

OpendataBNP@bnportugal.pt | Mais informação sobre acesso aos dados BNP